000 00331pab a2200133 454500
008 180718b1984 xxu||||| |||| 00| 0 eng d
100 _aHannum, Hurst
245 _aAutonomy and self - government in international law
260 _c1984
300 _a53-6
650 _aInternational Law
773 _aDevelopment
909 _a11274
999 _c11274
_d11274